Física general y experimental / (Record no. 118295)

MARC details
000 -LEADER
campo de control de longitud fija 00806nam a2200217 4500
001 - NÚMERO DE CONTROL
campo de control 118295
003 - IDENTIFICADOR DE NÚMERO DE CONTROL
campo de control ES-MaACL
005 - FECHA Y HORA DE LA ÚLTIMA TRANSACCIÓN
campo de control 20230906191052.0
007 - CAMPO FIJO DE DESCRIPCIÓN FÍSICA--INFORMACIÓN GENERAL
campo de control de longitud fija t|
008 - DATOS DE LONGITUD FIJA--INFORMACIÓN GENERAL
campo de control de longitud fija 070214m1943 sp r ||||1| spa d
100 1# - ENTRADA PRINCIPAL--NOMBRE DE PERSONA
Nombre de persona Perucca, Eligio.
9 (RLIN) 91412
245 10 - MENCIÓN DEL TÍTULO
Título Física general y experimental /
Mención de responsabilidad, etc. por Eligio Perucca ; traducción de la cuarta edición italiana por José Mañas Bouví, José Mª Vidal Llenas.
260 ## - PUBLICACIÓN, DISTRIBUCIÓN, ETC.
Lugar de publicación, distribución, etc. Barcelona :
Nombre del editor, distribuidor, etc. Labor,
Fecha de publicación, distribución, etc. 1943-44.
300 ## - DESCRIPCIÓN FÍSICA
Extensión 2 v. :
Otras características físicas il. ;
Dimensiones 24 cm.
505 8# - NOTA DE CONTENIDO CON FORMATO
Nota de contenido con formato Contiene: Vol I. Mecánica, calor Vol II. Optica, electricidad y magnetismo
700 1# - ENTRADA AGREGADA--NOMBRE PERSONAL
Nombre de persona Mañas Bouví, José.
9 (RLIN) 76257
700 1# - ENTRADA AGREGADA--NOMBRE PERSONAL
Nombre de persona Vidal Llenas, José María.
9 (RLIN) 114499
740 0# - ENTRADA AGREGADA--TÍTULO RELACIONADO/ANALÍTICO NO CONTROLADO
Título relacionado o analítico no controlado Mecánica, calor.
740 0# - ENTRADA AGREGADA--TÍTULO RELACIONADO/ANALÍTICO NO CONTROLADO
Título relacionado o analítico no controlado Optica, electricidad y magnetismo.
852 ## - LOCALIZACIÓN
Ubicación ES-MaACL
Número de control de estantería F-15908-9
Sublocalización o colección R.20176
Holdings
Estatus retirado Estado de pérdida Estado de daño No para préstamo Biblioteca de origen Biblioteca actual Ubicación en estantería Fecha de adquisición Fuente de adquisición Total de préstamos Signatura topográfica completa Código de barras Visto por última vez Precio de reemplazo Tipo de ítem Koha
        Biblioteca del Ateneo de Madrid Biblioteca del Ateneo de Madrid Sala Pecera Planta 2 17/01/2008     F-15908-9 1123324 23/02/2023 23/02/2023 Libro impreso